Indian economy (Record no. 3071)

MARC details
000 -LEADER
fixed length control field 00380nam a2200157Ia 4500
020 ## - INTERNATIONAL STANDARD BOOK NUMBER
ISBN 81-7888-164-0
082 ## - DEWEY DECIMAL CLASSIFICATION NUMBER
Classification number 330.954 QUE-I
100 ## - MAIN ENTRY--AUTHOR NAME
Personal name Qureshi, M.S;
245 #0 - TITLE STATEMENT
Title Indian economy
260 ## - PUBLICATION, DISTRIBUTION, ETC. (IMPRINT)
Place of publication New Delhi
Name of publisher Dominant Publishers
Year of publication 2004
300 ## - PHYSICAL DESCRIPTION
Number of Pages ix, 293p.
504 ## - BIBLIOGRAPHY, ETC. NOTE
Bibliography, etc Includes bibliography
650 ## - SUBJECT ADDED ENTRY--TOPICAL TERM
Topical Term India - Economic conditions
650 ## - SUBJECT ADDED ENTRY--TOPICAL TERM
Topical Term Economics
942 ## - ADDED ENTRY ELEMENTS (KOHA)
Koha item type Books
Holdings
Withdrawn status Lost status Damaged status Not for loan Home library Current library Date acquired Bill Date Full call number Accession Number Price effective from Koha item type
        NASSDOC Library NASSDOC Library 09/09/2004 2004-10-05 330.954 QUE-I 39028 18/04/2019 Books